50 teorías económicas sugerentes y desafiantes
Guardat en:
| Autor principal: | |
|---|---|
| Format: | Llibre |
| Idioma: | espanyol |
| Publicat: |
Barcelona
Blume
2011
|
| Edició: | 1a. ed |
| Col·lecció: | Guía Breve
|
| Matèries: | |
| Etiquetes: |
Afegir etiqueta
Sense etiquetes, Sigues el primer a etiquetar aquest registre!
|
MARC
| LEADER | 00000cam a2200000 a 4500 | ||
|---|---|---|---|
| 001 | UCF1411 | ||
| 003 | CL-VaPUC | ||
| 008 | 120629e20110000SP |||||||||||||||||spa|d | ||
| 020 | |a 9788498015300 | ||
| 082 | 0 | 4 | |a 330.1 |b MAR |2 21 |
| 100 | |a Marron, Donald |e autor |9 562952 | ||
| 245 | 1 | 0 | |a 50 teorías económicas sugerentes y desafiantes |
| 250 | |a 1a. ed | ||
| 300 | |a 159 p | ||
| 942 | |c BK | ||
| 945 | |d 20120629 00:00:00 |a dcastane | ||
| 260 | |a Barcelona |b Blume |c 2011 | ||
| 650 | 0 | |a Economía |9 255568 | |
| 650 | 0 | |a Teoría económica |9 315055 | |
| 583 | |a last modification |c 20120629 12:35:00 |k Rodrigo Vera | ||
| 490 | 0 | |a Guía Breve | |
| 999 | |c 348206 |d 348204 | ||
| 952 | |0 0 |1 0 |4 0 |6 330_100000000000000_MAR_2011 |7 0 |8 A |9 450138 |a BIBDER |b BIBDER |d 2019-11-22 |i 4879945 |o 330.1 MAR 2011 |p 4879945 |r 2023-01-25 |w 2019-11-22 |y BK |k DER | ||